| 000 | 00796cam a22002531 4500 | ||
|---|---|---|---|
| 001 | 76799 | ||
| 003 | BD-RjUL | ||
| 005 | 20211209082905.0 | ||
| 008 | 200120s1947 nyu 000 1 eng | ||
| 035 | _a(BD-RjUL)77023 | ||
| 040 |
_aDLC _cOKentU _dOCoLC _dDLC _beng |
||
| 041 | _aeng | ||
| 082 |
_223 _a823.9 _bCOD 1947 |
||
| 100 | 1 |
_aCollins, Norman, _d1907- _9237949 |
|
| 245 | 1 | 0 |
_aDulcimer street / _cby Norman Collins. |
| 260 |
_aNew York : _bDuell, Sloan and Pearce , _c[1947] |
||
| 300 |
_aix, 637 p. ; _c22 cm. |
||
| 500 | _a"Published originally in England under the title of 'London belongs to me'." | ||
| 650 |
_aEnglish Fiction _9237950 |
||
| 906 |
_a7 _bcbc _coclcrpl _du _encip _f19 _gy-gencatlg |
||
| 942 |
_2ddc _cBK |
||
| 999 |
_c76799 _d76799 |
||